Quantitative Aptitude for CAT / (Record no. 181898)

MARC details
000 -LEADER
fixed length control field 00598nam a22001817a 4500
005 - DATE AND TIME OF LATEST TRANSACTION
control field 20221017143354.0
010 ## - LCCN (DPL NO)
LC control number B-745986
020 ## - INTERNATIONAL STANDARD BOOK NUMBER
International Standard Book Number 9789353945305
Terms of availability 799.00
037 ## - SOURCE OF ACQUISITION
Source of stock number/acquisition Pearson
100 ## - MAIN ENTRY--PERSONAL NAME
Personal name Sinha, Nitish K.
245 ## - TITLE STATEMENT
Title Quantitative Aptitude for CAT /
Statement of responsibility, etc by Nitish K. Sinha
250 ## - EDITION STATEMENT
Edition statement 5th
260 ## - PUBLICATION, DISTRIBUTION, ETC. (IMPRINT)
Place of publication, distribution, etc Noida
Name of publisher, distributor, etc Pearson
Date of publication, distribution, etc 2020
270 ## - ADDRESS
Address 15th Floor, Tower-B, World Trade Tower, Plot No.1, Block-C, Sector-16
City Noida
Postal code 201301
300 ## - PHYSICAL DESCRIPTION
Extent vp.:
Other physical details ill.
Dimensions 25cm(pbk)
942 ## - ADDED ENTRY ELEMENTS (KOHA)
Source of classification or shelving scheme Dewey Decimal Classification
Item type English Books
Call number suffix SIN
Classification part 510
Holdings
Withdrawn status Lost status Not for loan Collection code Home library Current library Date acquired Source of acquisition Cost, normal purchase price Full call number Barcode Copy number Cost, replacement price Koha item type Public note
      Non-fiction Kadipur Kadipur 17/10/2022 6.10.22/Gift 799.00 510 SIN B-745986 1 799.00 English Books Gift

© Delhi Public Library
Hit Counter
free hit counter